000 00762nam a2200217 a 4500
005 20230525063547.0
008 991125m19962009mx 000 0 spa u
020 _a9682990238
020 _a9789701856987 (Reimpresión)
035 _aUPN01000007928
049 _aLTG
050 4 _aLB1585
_bM6.3 1996
245 0 0 _aCiencias naturales :
_btercer grado /
_cAna Barahona Echeverría ... [et al].
260 _aMéxico :
_bSEP, Comisión Nacional de los Libros de Texto Gratuitos,
_c1996 (2009 impr.).
300 _a174 p. :
_bil. col.
500 _aLibro de texto gratuito
500 _a2a. ed. 2000 (Reimpresión)
650 4 _aCiencias naturales
_xEstudio y enseñanza (Elemental)
_92812
700 1 _aBarahona Echeverría, Ana
_ecoaut.
_931926
905 _aLibro
999 _c7928
_d7928